Schaum's outline of theory and problems of analytical chemistry (Record no. 80329)

MARC details
000 -LEADER
fixed length control field 00787nam a2200169 a 4500
008 - FIXED-LENGTH DATA ELEMENTS--GENERAL INFORMATION
fixed length control field 120925s1985 ||||||||||||||||| || u
020 ## - INTERNATIONAL STANDARD BOOK NUMBER
International Standard Book Number 0070237956
050 ## - LIBRARY OF CONGRESS CALL NUMBER
Classification number QD 101.2 Gor
100 ## - MAIN ENTRY--PERSONAL NAME
Personal name Gordus, Adon R
245 10 - TITLE STATEMENT
Title Schaum's outline of theory and problems of analytical chemistry
Statement of responsibility, etc. by Adon R. Gordus
260 ## - PUBLICATION, DISTRIBUTION, ETC.
Place of publication, distribution, etc. New York:
Name of publisher, distributor, etc. McGraw-Hill
Date of publication, distribution, etc. 1985
300 ## - PHYSICAL DESCRIPTION
Extent 242p.: ill.
500 ## - GENERAL NOTE
General note Donated by Counsellor Kang'ombe
650 ## - SUBJECT ADDED ENTRY--TOPICAL TERM
Topical term or geographic name entry element CHEMISTRY, ANALYTIC--QUANTITATIVE
995 ## -
-- MAIN LIBRARY OPEN ACCESS
-- 743373
-- CBU-MAIN LIBRARY (Kitwe)
-- QD 101.2 Gor
-- 2
-- AVAILABLE
-- Oct 4, 2012
-- 743373
-- Main Library Open Access Collection
995 ## -
-- MAIN LIBRARY OPEN ACCESS
-- 743372
-- CBU-MAIN LIBRARY (Kitwe)
-- QD 101.2 Gor
-- 1
-- AVAILABLE
-- Oct 4, 2012
-- 743372
-- Main Library Open Access Collection
999 ## -
-- 80329
-- 80329
Holdings
Withdrawn status Lost status Source of classification or shelving scheme Damaged status Not for loan Permanent Location Current Location Shelving location Date acquired Total Checkouts Full call number Barcode Date last seen Copy number Price effective from Koha item type
          CBU-MAIN LIBRARY, KITWE. CBU-MAIN LIBRARY, KITWE.   06/29/2023   QD 101.2 Gor 743373 06/29/2023 1 06/29/2023 MONOGRAPH
          CBU-MAIN LIBRARY, KITWE. CBU-MAIN LIBRARY, KITWE.   06/29/2023   QD 101.2 Gor 743372 06/29/2023 2 06/29/2023 MONOGRAPH